Electrodynamics and classical theory of fields & particles / (رقم التسجيلة. 32394)

تفاصيل مارك
000 -الفاتح
حقل البيانات ثابتة الطول 01146cam a2200313 a 4500
001 - رقم الضبط
رقم الضبط 2300466
003 - محدد رقم الضبط
رقم الضبط OSt
005 - وقت وتاريخ اخر تعامل مع التسجيلة
رقم الضبط 20150408114155.0
008 - عناصر البيانات ثابتة الطول - معلومات عامة
حقل البيانات ثابتة الطول 811202r19801964nyua b 000 0 eng
010 ## - رقم ضبط مكتبة الكونجرس
رقم ضبط مكتبة الكونجرس 80066841
020 ## - الرقم الدولى المعيارى للكتب
الرقم الدولى المعيارى للكتاب 0486640388 (pbk.) :
شروط الاتاحة $4.50
020 ## - الرقم الدولى المعيارى للكتب
الرقم الدولى المعيارى للكتاب 9780486640389
040 ## - مصدر الفهرسة
وكالة الفهرسة الأصلية DLC
وكالة النسخ DLC
وكالة التعديل DLC
050 00 - رقم طلب مكتبة الكونجرس
رقم التصنيف QC174.45
رقم المادة .B3 1980
082 00 - رقم تصنيف ديوى العشرى
رقم التصنيف 530.143
رقم الطبعة 22
رقم المادة BAE
100 1# - المدخل الرئيسى - إسم شخصى
الإسم الشخصى Barut, A. O.
الشكل الأكمل للاسم (Asim Orhan),
التواريخ المصاحبة للاسم 1926-
9 (RLIN) 40598
245 10 - بيان العنوان
العنوان Electrodynamics and classical theory of fields & particles /
بيان المسئوليه,etc A.O. Barut.
260 ## - PUBLICATION, DISTRIBUTION, ETC. (IMPRINT)
مكان الناشر او الموزع New York :
اسم الناشر او الموزع Dover Publications,
تاريخ النشر أو التوزيع 1980.
300 ## - الوصف المادى
التعداد xv, 235 p. :
تفاصيل ماديه اخرى للوعاء ill. ;
أبعاد الوعاء 21 cm.
500 ## - تبصرة عامة
تبصرة عامة Reprint. Originally published: New York : Macmillan, 1964.
504 ## - تبصرة ببليوجرافية
تبصرة ببليوجرافية,الخ Includes bibliographies and indexes.
650 #0 - المدخل الاضافى بالموضوع-مصطلح موضوعى
مصطلح موضوعي أو اسم جغرافي كعنصر مدخل Quantum field theory.
9 (RLIN) 11824
650 #0 - المدخل الاضافى بالموضوع-مصطلح موضوعى
مصطلح موضوعي أو اسم جغرافي كعنصر مدخل Particles (Nuclear physics)
650 #0 - المدخل الاضافى بالموضوع-مصطلح موضوعى
مصطلح موضوعي أو اسم جغرافي كعنصر مدخل Quantum electrodynamics.
9 (RLIN) 8927
740 0# - المدخل الاضافى - عنوان مرتبط/تحليلى غير مقيد
العنوان التحليلي/ الرابط غير مقيد Electrodynamics and classical theory of fields and particles.
856 42 - الوصول و الموقع الالكترونى
مواد محددة Publisher description
معرف المصدر الموحد <a href="http://www.loc.gov/catdir/description/dover033/80066841.html">http://www.loc.gov/catdir/description/dover033/80066841.html</a>
906 ## - عنصر بيانات محلى F, LDF (RLIN)
a 7
b cbc
c orignew
d 1
e opcn
f 19
g y-gencatlg
942 ## - عناصر المدخل الإضافي( كوها)
مصدر التصنيف او مخطط الترفيف Dewey Decimal Classification
Koha [default] item type DVD
المقتنيات
حالة الفقد نموذج السعر الفعال حالة تلف ليس للاعارة رقم الطلب تاريخ الاكتساب الموقع الحالي الفرع الرئيسي Date last seen نوع المادة فى نظام كوها مصدر التصنيف او خطة الترفيف Total Checkouts
  2013-11-18     530.143 BAE 2013-11-18 المكتبة المركزية بالمجمعة (CL) المكتبة المركزية بالمجمعة (CL) 2013-11-18 كتاب Dewey Decimal Classification